000 00432nam a2200181Ia 4500
003 0STCL
008 150530s9999 xx 000 0 und d
040 _aSTCL
_cSTCL
100 _aThomas, C.T.
245 _aTwentieth Century verse: An Anglo-American Anthology
250 _a1
260 _bMacmillan; Delhi
_c2010
_aDelhi
300 _a0
546 _aEnglish
942 _2ddc
_cBK
999 _c53309
_d53309
005 20220125170914.0